| 000 | 01232cam a22002891i 4500 | ||
|---|---|---|---|
| 003 | SA-RiAUC | ||
| 005 | 20241216065929.0 | ||
| 008 | 241216s1987 le g b 00100bara c | ||
| 040 |
_aSA-RiAUC _bara _cSA-RiAUC _erda |
||
| 082 | 0 | 4 |
_a230.92 _qSA-MAUQU |
| 090 |
_a230.92 _bم ع ت |
||
| 100 | 1 |
_aمعتوق، صالح يوسف _eمؤلف. |
|
| 245 | 1 | 0 |
_aبدر الدين العيني وأثره في علم الحديث / _cتأليف صالح يوسف معتوق. |
| 250 | _aالطبعة الأولى. | ||
| 264 | 1 |
_aبيروت : _bدار البشائر الإسلامية، _c1987 |
|
| 300 |
_a336 صفحة ؛ _c24 سم |
||
| 336 |
_aنص _btxt _2rdacontent _3كتاب |
||
| 337 |
_aبدون وسيط _bn _2rdamedia |
||
| 338 |
_aمجلد _bnc _2rdacarrier |
||
| 500 | _aكشافات : صفحة 267-336. | ||
| 504 | _aيشتمل على إرجاعات ببليوجرافية. | ||
| 600 | 1 | 7 |
_aبدر الدين العيني، محمود بن أحمد بن موسى، _d762-855 هجري _xمساهمات في علوم الحديث _2aucnm |
| 650 | 7 |
_aعلم الحديث _2aucsh |
|
| 650 | 7 |
_aطبقات رواة الحديث وحفاظه _vتراجم _2aucsh |
|
| 942 |
_2ddc _cBOOK |
||
| 949 |
_aSA-JeALM _d241216 _ukhaled123 _n1 |
||
| 999 |
_c3548 _d3548 |
||